书目信息 |
| 题名: |
环渤海西岸城市群资源环境与经济发展研究
|
|
| 作者: | 郝东恒 著 | |
| 分册: | ||
| 出版信息: | 北京 北京大学出版社 2007.12 |
|
| 页数: | 279页 | |
| 开本: | 23cm | |
| 丛书名: | ||
| 单 册: | ||
| 中图分类: | F124.5 | |
| 科图分类: | ||
| 主题词: | 城市群--资源经济--研究--渤海 | |
| 电子资源: | ||
| ISBN: | 978-7-301-13417-7 | |
| 000 | 00973nam0 2200253 450 | |
| 001 | 012004228071 | |
| 005 | 20091208153549.35 | |
| 010 | @a978-7-301-13417-7@dCNY38.00 | |
| 100 | @a20080331d2007 em y0chiy0110 ea | |
| 101 | 0 | @achi |
| 102 | @aCN@b110000 | |
| 105 | @abk z 000yy | |
| 106 | @ar | |
| 200 | 1 | @a环渤海西岸城市群资源环境与经济发展研究@9huan bo hai xi an cheng shi qun zi yuan huan jing yu jing ji fa zhan yan jiu@f郝东恒[等]著 |
| 210 | @a北京@c北京大学出版社@d2007.12 | |
| 215 | @a279页@c地图@d23cm | |
| 300 | @a国家软科学研究计划项目 石家庄经济学院学术著作出版基金资助 | |
| 304 | @a著者还有:王殿茹、赵淑芹、 任巍 | |
| 330 | @a本书共分六章,内容包括:环渤海西岸城市群资源特征,环渤海西岸城市群功能比较、定位,换渤海西岸城市群资源、环境对经济发展的支撑能力等。 | |
| 606 | 0 | @a城市群@x资源经济@x研究@y渤海 |
| 690 | @aF124.5@v4 | |
| 701 | 0 | @a郝东恒@9hao dong heng@f(1954.9-)@4著 |
| 801 | 0 | @aCN@bNLC@c20091208 |
| 905 | @b20795494-99@dF124.5@e133@f6 | |
| 环渤海西岸城市群资源环境与经济发展研究/郝东恒[等]著.-北京:北京大学出版社,2007.12 |
| 279页:地图;23cm |
| 国家软科学研究计划项目 石家庄经济学院学术著作出版基金资助 |
| ISBN 978-7-301-13417-7:CNY38.00 |
| 本书共分六章,内容包括:环渤海西岸城市群资源特征,环渤海西岸城市群功能比较、定位,换渤海西岸城市群资源、环境对经济发展的支撑能力等。 |
| ● |
| 相关链接 |
|
|
|
|
正题名:环渤海西岸城市群资源环境与经济发展研究
索取号:F124.5/133
 
预约/预借
| 序号 | 登录号 | 条形码 | 馆藏地/架位号 | 状态 | 备注 |
| 1 | 795494 | 207954944 | 第一样本阅览室/ [索取号:F124.5/133] | 在馆 | |
| 2 | 795495 | 207954953 | 第一借阅区/ [索取号:F124.5/133] | 在馆 | |
| 3 | 795496 | 207954962 | 第一借阅区/ [索取号:F124.5/133] | 在馆 | |
| 4 | 795497 | 207954971 | 第一借阅区/ [索取号:F124.5/133] | 在馆 | |
| 5 | 795498 | 207954980 | 第一借阅区/ [索取号:F124.5/133] | 在馆 | |
| 6 | 795499 | 207954999 | 第一借阅区/ [索取号:F124.5/133] | 在馆 |